000 01716cam a2200421 i 4500
001 1428770474
003 Ingram
005 20250604130413.0
007 t||
008 240412s2024 nyua a 000 1 eng d
020 _a9781984852434
_qhardback
020 _a1984852434
_qhardback
035 _a(OCoLC)1428770474
040 _aTnLvILS
_beng
_erda
_cTnLvILS
_dTnLvILS
092 _achildren picture book
_bFrank
100 1 _aFrank, Kiley,
_eauthor.
_4aut.
_96545605
245 1 0 _aThat always happens sometimes /
_cKiley Frank ; K-Fai Steele.
264 1 _aNew York :
_bAlfred A. Knopf Books for Young Readers,
_c[2024]
300 _a1 volume (unpaged) :
_bcolor illstrations ;
_c29 cm.
336 _atext
336 _astill image
337 _aunmediated
338 _avolume
520 _a"Max is not exactly a perfect kid. From sunup through his school day and right until bedtime, he's goofy, disorganized, and generally uncontainable--much to the frustration of those around him. But when a little enthusiasm and creativity are in order, you can count on Max to save the day!"--
521 1 _a04-08.
521 2 _aP-03.
650 0 _aBoys
_vJuvenile fiction.
_95693006
650 0 _aSuccess
_vJuvenile fiction.
_95754337
650 0 _aCreative ability
_vJuvenile fiction.
_95691350
650 0 _aKindness
_vJuvenile fiction.
_95690458
650 1 _aBoys
_vFiction.
_95691510
650 1 _aSuccess
_vFiction.
_95745996
650 1 _aCreative ability
_vFiction.
_95695004
650 1 _aKindness
_vFiction.
_95691645
655 7 _aHumorous fiction.
_2lcgft.
700 1 _aSteele, K-Fai,
_eillustrator.
_96359199
942 _2ddc
_cBOOK
999 _c408526
_d408526